| 000 | 00414nam a2200145Ia 4500 | ||
|---|---|---|---|
| 008 | 231221s9999 xx 000 0 und d | ||
| 020 | _a978-0-387-09747-3 | ||
| 041 | _aEnglish | ||
| 100 | _aErik Seedhouse | ||
| 245 | 0 | _aLunar Outpost | |
| 260 |
_c2009 _bSpringer US _aNew York |
||
| 440 | _aSpringer Praxis Books | ||
| 650 | _aAerospace Technology and Astronautics; Popular Science in Astronomy | ||
| 942 | _cEB | ||
| 999 |
_c225464 _d225464 |
||